000 00902nam0a22002531 4500
001 rc\2776260
005 20250806204821.0
035 _a(NLR Aleph) 006902548
090 _a31385
_c31385
100 _a20110915d1941 u y0rusy50 ca
101 0 _arus
102 _aRU
105 _aa z |||||
200 1 _aНаставление по стрелковому делу (НСД-38)
_eРучные гранаты
_fНар. ком. обороны Союза ССР
210 _aСаранск
_cМолдовск. гос. изд-во
_d1941
215 _a49, [2] с.
_cил.
_d14 см.
740 1 _aСССР
_tВоенные уставы и наставления
_3RU\NLR\AUTH\8810020873
801 0 _aRU
_bNLR
_gpsbo
801 1 _aRU
_bELAR
_2rusmarc
852 _aNLR
_jВ60 Г-2/45
942 _cBOOK
945 _aРоссийская национальная библиотека
980 _aNB
980 _aBV